000
00287nam a2200133Ia 4500
100
_a
Winston. S. E.
942
_c
BK
654
_a
Machine design.
245
_a
Machine design.
260
_b
D.B.Taraporevala sons &co.
_c
2001
082
_a
621.815
300
_a
334
546
_a
ENGLISH
999
_c
30782
_d
30782